Mapovanie potenciálu hotelierstva v bratislavskom regióne cestovného ruchu

Salvato in:
Dettagli Bibliografici
Autore principale: Uderianová, Lucia, 1999-
Altri autori: Schmidt, Martin, 2000-
Natura: Capitolo di libro
Lingua:slovacco
Tags: Aggiungi Tag
Nessun Tag, puoi essere il primo ad aggiungerne!!

MARC

LEADER 00000naa$a2200000$$$4500
001 0314466
005 20260123085715.5
041 0 |a slo 
044 |a SK 
245 1 0 |a Mapovanie potenciálu hotelierstva v bratislavskom regióne cestovného ruchu  |c Lucia Uderianová, Martin Schmidt 
100 1 |a Uderianová, Lucia, 1999- 
700 1 |a Schmidt, Martin, 2000-